| 000 | 00644nam a22002051 4500 | ||
|---|---|---|---|
| 001 | 114559 | ||
| 003 | ES-MaACL | ||
| 005 | 20230906190204.0 | ||
| 007 | t| | ||
| 008 | 070309s1969 sp ||||0| spa d | ||
| 016 | 7 | _zIND9200384120 | |
| 040 |
_aM-BN _bspa _cA2 |
||
| 080 | _a340.96(46)"19" | ||
| 100 | 1 |
_aGrattis, J. de. _959724 |
|
| 245 | 1 | 0 |
_aRejas sin votos _b: (El libro áureo del Consorcio de la Panadería de Madrid) / _cJ. de Grattis. |
| 260 |
_a[S.l : _bs.n, _c1969] ( _eMadrid : _fImp. Foresa) |
||
| 300 |
_aXXIV p., 2 h., 29-440 p ; _c21 cm. |
||
| 650 |
_aProcesos- _zEspaña. _9157314 |
||
| 852 |
_aES-MaACL _jC-36796 _bR.71225 |
||
| 999 |
_c114559 _d114559 |
||